[Event "Dortmund Sparkassen op 47th"]
[Site "Dortmund"]
[Date "2019.07.17"]
[Round "5"]
[White "De Smedt, Mark"]
[Black "Saizew, Valeri"]
[Result "0-1"]
[WhiteElo "1920"]
[BlackElo "2032"]
[PlyCount "100"]
[EventDate "2019.07.13"]
[EventType "swiss"]
[EventRounds "9"]
[EventCountry "GER"]
[SourceTitle "EXT 2020"]
[Source "ChessBase"]
[SourceDate "2019.10.17"]
[SourceVersion "1"]
[SourceVersionDate "2019.10.17"]
[SourceQuality "1"]

1. e4 e5 2. Nf3 Nc6 3. Bb5 Nf6 4. 0-0 Nxe4 5. d4 Nd6 6. Bxc6 dxc6 7. dxe5 Nf5 8. Qxd8+ Kxd8 9. Nbd2 Be7 10. Ne4 Nh4 11. Nxh4 Bxh4 12. g3 Be7 13. Kg2 Bf5 14. Re1 Ke8 15. Bd2 h5 16. h3 Rd8 17. Bc3 Rh6 18. f3 b5 19. Re2 b4 20. Be1 c5 21. a3 Ra6 22. a4 Rd5 23. Nf2 c4 24. g4 Bd7 25. Re4 Rxa4 26. Rxa4 Bxa4 27. Rxc4 c5 28. b3 Bb5 29. Re4 hxg4 30. hxg4 a5 31. c4 bxc3 32. Bxc3 Bd8 33. Kg3 Bc7 34. f4 Kd7 35. e6+ fxe6 36. Bxg7 Ke7 37. Kf3 Rd2 38. Kg3 Bc6 39. Re1 Kf7 40. Be5 Bb6 41. Rc1 Bd5 42. g5 c4 43. Ng4 Rd3+ 44. Kh4 Rxb3 45. Bf6 Kg6 46. Ne5+ Kf5 47. Rc2 Be4 48. Re2 c3 49. Nc4 c2 50. Rxe4 Bf2+ 0-1

[Event "Dortmund Sparkassen op 47th"]
[Site "Dortmund"]
[Date "2019.07.16"]
[Round "4"]
[White "Saizew, Valeri"]
[Black "Sondermann, Dirk"]
[Result "0-1"]
[WhiteElo "2032"]
[BlackElo "1865"]
[PlyCount "138"]
[EventDate "2019.07.13"]
[EventType "swiss"]
[EventRounds "9"]
[EventCountry "GER"]
[SourceTitle "EXT 2020"]
[Source "ChessBase"]
[SourceDate "2019.10.17"]
[SourceVersion "1"]
[SourceVersionDate "2019.10.17"]
[SourceQuality "1"]

1. e4 e6 2. d4 d5 3. Nd2 Nc6 4. Ngf3 Nf6 5. e5 Nd7 6. c3 a5 7. Bb5 Na7 8. Bd3 b6 9. 0-0 Be7 10. Re1 c5 11. c4 Bb7 12. b3 0-0 13. Bb2 cxd4 14. Nxd4 Nc5 15. Bb1 g6 16. Qe2 Qd7 17. Bc2 Nc6 18. Rad1 Nxd4 19. Bxd4 Qc7 20. Qg4 Nd7 21. h4 Rfe8 22. h5 Bf8 23. Re3 Bg7 24. f4 Rad8 25. Bb1 Nb8 26. Bb2 Qc5 27. Kf2 Nc6 28. cxd5 Rxd5 29. Ne4 Qe7 30. Rxd5 exd5 31. Nd6 Rf8 32. Qd1 Qh4+ 33. Rg3 Qxf4+ 34. Rf3 Qh4+ 35. Kg1 Bxe5 36. Bxe5 Nxe5 37. Rh3 Qe7 38. Nxb7 Qxb7 39. Qd4 Qe7 40. Rc3 Qd6 41. Re3 Re8 42. Bd3 Qc5 43. Qxc5 bxc5 44. Bb5 Re7 45. hxg6 hxg6 46. Kf1 d4 47. Re1 Kg7 48. Rc1 Rc7 49. Ke2 f5 50. Kd2 Kf6 51. Be2 Ke6 52. Rh1 a4 53. Rh8 axb3 54. axb3 Ra7 55. Re8+ Kf6 56. Rc8 Ra2+ 57. Ke1 d3 58. Bd1 Rxg2 59. Rxc5 f4 60. b4 Rb2 61. Rb5 g5 62. Rb8 g4 63. b5 f3 64. b6 Nc4 65. Bxf3 gxf3 66. Rf8+ Ke7 67. Rxf3 d2+ 68. Ke2 Rb1 69. Rd3 Re1+ 0-1

[Event "Mittelrhein Regionalliga 1718"]
[Site "Nordrheinwestfalen"]
[Date "2018.02.25"]
[Round "7.6"]
[White "Saizew, Valeri"]
[Black "Huelsmann, Josef"]
[Result "1/2-1/2"]
[WhiteElo "1992"]
[BlackElo "2126"]
[PlyCount "85"]
[EventDate "2017.09.10"]
[EventType "team-tourn"]
[EventRounds "9"]
[EventCountry "GER"]
[SourceTitle "EXT 2022"]
[Source "ChessBase"]
[SourceDate "2021.10.06"]
[SourceVersion "1"]
[SourceVersionDate "2021.10.06"]
[SourceQuality "1"]
[WhiteTeam "Wuerselen"]
[BlackTeam "Langenfeld"]
[WhiteTeamCountry "GER"]
[BlackTeamCountry "GER"]

1. e4 e6 2. d4 d5 3. Nd2 Nf6 4. Bd3 c5 5. e5 Nfd7 6. c3 Nc6 7. Ne2 cxd4 8. cxd4 Nb6 9. 0-0 Bd7 10. Nf3 Be7 11. Be3 Nb4 12. Bb1 Nc4 13. Bc1 a5 14. b3 Nb6 15. a3 Nc6 16. a4 Nc8 17. Nf4 Nb4 18. Nd3 Nxd3 19. Bxd3 Na7 20. Qe2 Nc6 21. Bd2 Qb6 22. Bb5 0-0 23. Rfc1 Rfc8 24. Be3 Qd8 25. Qd1 Nb4 26. Bxd7 Qxd7 27. Rxc8+ Rxc8 28. Rc1 Rc6 29. Rxc6 Qxc6 30. Qc1 Nc2 31. Qd2 Bb4 32. Qd3 Qc3 33. Qxc3 Bxc3 34. Kf1 f6 35. exf6 gxf6 36. Ke2 Bb4 37. Kd3 Ne1+ 38. Nxe1 Bxe1 39. f3 Kf7 40. Bf4 Bb4 41. Bc7 Ke7 42. h3 Kd7 43. Bb6 1/2-1/2

[Event "Mittelrhein Verbandsliga-W 16/17"]
[Site "Nordrheinwestfalen"]
[Date "2016.10.23"]
[Round "3.7"]
[White "Saizew, Valeri"]
[Black "Whitmire, James David"]
[Result "1/2-1/2"]
[WhiteElo "1987"]
[BlackElo "1972"]
[PlyCount "99"]
[EventDate "2016.09.11"]
[EventType "team-tourn"]
[EventRounds "11"]
[EventCountry "GER"]
[SourceTitle "EXT 2022"]
[Source "ChessBase"]
[SourceDate "2021.10.06"]
[SourceVersion "1"]
[SourceVersionDate "2021.10.06"]
[SourceQuality "1"]
[WhiteTeam "Wuerselen II"]
[BlackTeam "Aachen PTSV"]
[WhiteTeamCountry "GER"]
[BlackTeamCountry "GER"]

1. e4 e5 2. Nf3 Nc6 3. Bb5 Nf6 4. 0-0 Nxe4 5. d4 Nd6 6. Bxc6 dxc6 7. dxe5 Nf5 8. Qxd8+ Kxd8 9. Nc3 Ke8 10. Rd1 Be7 11. h3 h5 12. Bf4 Be6 13. Ne4 Bd5 14. Ned2 c5 15. c4 Be6 16. Ng5 Bxg5 17. Bxg5 Nd4 18. Nb3 Ne2+ 19. Kh2 b6 20. Rd2 Bxc4 21. Rad1 f6 22. exf6 gxf6 23. Bxf6 Rf8 24. Bg5 Kf7 25. Be3 Kg6 26. Rd7 Rac8 27. Re7 Rf7 28. Re5 Rf5 29. Re7 Rf7 30. Re5 Rf5 31. Re7 Nf4 32. Rdd7 Nd5 33. Re6+ Nf6 34. Rc6 Bb5 35. Rdxc7 Bxc6 36. Rxc8 Bd5 37. Nc1 Ne4 38. Nd3 Bxa2 39. Nf4+ Kh7 40. Re8 Nxf2 41. Re7+ Kg8 42. Rxa7 Bf7 43. Rd7 Ne4 44. Re7 Nf2 45. Bxf2 Rxf4 46. Bg3 Rd4 47. Be5 Rd2 48. Bc3 Rc2 49. Rd7 b5 50. Rd2 1/2-1/2

[Event "Mittelrhein Verbandsliga-W 15/16"]
[Site "Nordrheinwestfalen"]
[Date "2016.01.31"]
[Round "7.5"]
[White "Saizew, Valeri"]
[Black "Lauter, Helmut"]
[Result "1-0"]
[WhiteElo "1977"]
[BlackElo "1794"]
[PlyCount "73"]
[EventDate "2015.09.06"]
[EventType "team-tourn"]
[EventRounds "11"]
[EventCountry "GER"]
[SourceTitle "EXT 2022"]
[Source "ChessBase"]
[SourceDate "2021.10.06"]
[SourceVersion "1"]
[SourceVersionDate "2021.10.06"]
[SourceQuality "1"]
[WhiteTeam "Wuerselen II"]
[BlackTeam "Eilendorf Arminia"]
[WhiteTeamCountry "GER"]
[BlackTeamCountry "GER"]

1. e4 d5 2. exd5 Qxd5 3. Nc3 Qd8 4. d4 g6 5. Be3 Bg7 6. Nf3 Nh6 7. Bc4 0-0 8. Ne2 Nf5 9. Ng3 Nc6 10. Nxf5 Bxf5 11. c3 e5 12. d5 Na5 13. Be2 b6 14. Qd2 e4 15. Ng5 f6 16. Nh3 c6 17. b4 Bxh3 18. gxh3 Nb7 19. dxc6 Qxd2+ 20. Bxd2 Nd6 21. Ba6 f5 22. 0-0-0 Be5 23. Be3 Kf7 24. Rd5 Ke6 25. c4 b5 26. Rhd1 Nxc4 27. Bh6 Rf7 28. Bxb5 Nb6 29. Rd8 Rxd8 30. Rxd8 Rc7 31. Be3 f4 32. Bc5 g5 33. a4 Bf6 34. Rd6+ Kf7 35. a5 Nc8 36. Rd7+ Rxd7 37. cxd7 1-0

[Event "Maastricht Limburg op-B 9th"]
[Site "Maastricht"]
[Date "2015.05.25"]
[Round "7"]
[White "Perdomo Araujo, Angel Eduardo"]
[Black "Saizew, Valeri"]
[Result "1-0"]
[WhiteElo "1979"]
[BlackElo "1957"]
[PlyCount "67"]
[EventDate "2015.05.22"]
[EventType "swiss"]
[EventRounds "7"]
[EventCountry "NED"]
[SourceTitle "EXT 2016"]
[Source "ChessBase"]
[SourceDate "2015.10.08"]
[SourceVersion "1"]
[SourceVersionDate "2015.10.08"]
[SourceQuality "1"]

1. a3 e5 2. e3 d5 3. d4 exd4 4. exd4 Nf6 5. Bd3 Bd6 6. Bg5 0-0 7. Ne2 Bg4 8. f3 Bh5 9. Qd2 Bg6 10. Nbc3 Bxd3 11. Qxd3 c6 12. g4 Nbd7 13. 0-0-0 b5 14. Ng3 b4 15. axb4 a5 16. b5 Qb6 17. Nf5 Bb4 18. bxc6 Qxc6 19. Qb5 Qc7 20. Nxd5 Nxd5 21. Qxd5 Rfc8 22. Qe4 Ra6 23. Qd3 Rc6 24. Kb1 Rxc2 25. Be7 Nb6 26. Bc5 Rxb2+ 27. Kxb2 Bxc5 28. dxc5 Na4+ 29. Ka1 Nxc5 30. Qc3 f6 31. Qc4+ Kh8 32. Ka2 Qe5 33. Rd5 Qe6 34. Rc1 1-0

[Event "Maastricht Limburg op-B 9th"]
[Site "Maastricht"]
[Date "2015.05.23"]
[Round "3"]
[White "Saizew, Valeri"]
[Black "Cornelius, Jorg"]
[Result "1/2-1/2"]
[WhiteElo "1957"]
[BlackElo "2022"]
[PlyCount "33"]
[EventDate "2015.05.22"]
[EventType "swiss"]
[EventRounds "7"]
[EventCountry "NED"]
[SourceTitle "EXT 2016"]
[Source "ChessBase"]
[SourceDate "2015.10.08"]
[SourceVersion "1"]
[SourceVersionDate "2015.10.08"]
[SourceQuality "1"]

1. e4 Nf6 2. Nc3 d5 3. exd5 Nxd5 4. Nxd5 Qxd5 5. Qf3 c6 6. Qxd5 cxd5 7. d4 Nc6 8. c3 Bf5 9. Bf4 e6 10. Kd2 Be7 11. Bd3 Bxd3 12. Kxd3 0-0 13. Nf3 Rac8 14. Ne5 Nxe5+ 15. Bxe5 Rfd8 16. Bf4 Bd6 17. Bxd6 1/2-1/2

[Event "Maastricht Limburg op-B 8th"]
[Site "Maastricht"]
[Date "2014.06.08"]
[Round "5"]
[White "Cornelius, Jorg"]
[Black "Saizew, Valeri"]
[Result "1-0"]
[WhiteElo "2039"]
[BlackElo "1951"]
[PlyCount "103"]
[EventDate "2014.06.06"]
[EventType "swiss"]
[EventRounds "7"]
[EventCountry "NED"]
[SourceTitle "EXT 2015"]
[Source "ChessBase"]
[SourceDate "2014.11.20"]
[SourceVersion "1"]
[SourceVersionDate "2014.11.20"]
[SourceQuality "1"]

1. e4 e5 2. Nf3 Nc6 3. Bb5 Nf6 4. d3 Bc5 5. c3 d6 6. 0-0 0-0 7. Nbd2 a6 8. Ba4 b5 9. Bc2 Bg4 10. h3 Bh5 11. Re1 d5 12. Qe2 Re8 13. Nf1 d4 14. g4 Bg6 15. Ng3 h5 16. g5 Nh7 17. Nf5 Qd7 18. N3h4 Ne7 19. Qf3 Nc6 20. a3 a5 21. Bb3 Kh8 22. Nxg6+ fxg6 23. Nh4 Ne7 24. Qf7 Qxh3 25. Qxe7 Qxh4 26. Qxc5 Rf8 27. Re2 Qg4+ 28. Kf1 Qf3 29. Ke1 Qh1+ 30. Kd2 Nxg5 31. Kc2 Qf1 32. Bxg5 Qxe2+ 33. Bd2 Rxf2 34. Rd1 dxc3 35. bxc3 Rf3 36. Qxb5 c6 37. Qxc6 Qxd3+ 38. Kc1 Rd8 39. Qxg6 Rh3 40. Qe6 Rh4 41. Qxe5 Qxe4 42. Qxa5 Rb8 43. Qd5 Qxd5 44. Bxd5 Ra4 45. Bf7 Rxa3 46. Bxh5 Ra1+ 47. Kc2 Ra2+ 48. Kd3 Rd8+ 49. Ke2 Rd5 50. Bf7 Re5+ 51. Kd3 g6 52. Bxa2 1-0

[Event "Mittelrhein-chT 1112"]
[Site "Germany"]
[Date "2011.10.02"]
[Round "2.8"]
[White "Saizew, Valeri"]
[Black "Bussard, Achim"]
[Result "1-0"]
[WhiteElo "1962"]
[BlackElo "1785"]
[PlyCount "37"]
[EventDate "2011.09.11"]
[EventType "team-tourn"]
[EventRounds "13"]
[EventCountry "GER"]
[SourceTitle "EXT 2013"]
[Source "ChessBase"]
[SourceDate "2012.11.22"]
[SourceVersion "1"]
[SourceVersionDate "2012.11.22"]
[SourceQuality "1"]
[WhiteTeam "Wuerselen"]
[BlackTeam "Niederkassel"]
[WhiteTeamCountry "GER"]
[BlackTeamCountry "GER"]

1. e4 Nf6 2. Nc3 d5 3. exd5 Nxd5 4. Qf3 Nxc3 5. dxc3 c6 6. Bc4 e6 7. Bf4 Nd7 8. 0-0-0 Qf6 9. Nh3 h6 10. Rhe1 g5 11. Qh5 Nb6 12. Be5 Qe7 13. Bxh8 Nxc4 14. Qf3 f5 15. g4 f4 16. Qd3 Nd6 17. Be5 Nf7 18. Qg6 Bd7 19. Bf6 1-0